[Event "Titled Tuesday intern op 20th Feb Late"]
[Site "Chess.com INT"]
[Date "2024.02.20"]
[Round "4"]
[White "Grigoriants, Sergey"]
[Black "Escobar Forero, Alder"]
[Result "1-0"]
[WhiteElo "2541"]
[BlackElo "2426"]
[PlyCount "119"]
[EventDate "2024.02.20"]
[EventType "swiss (blitz)"]
[EventRounds "11"]
[EventCountry "USA"]
[SourceTitle "EXT 2025"]
[Source "ChessBase"]
[SourceDate "2024.10.14"]
[SourceVersion "1"]
[SourceVersionDate "2024.10.14"]
[SourceQuality "1"]

1. d4 Nf6 2. c4 d6 3. Nf3 Nbd7 4. Nc3 e5 5. e4 Be7 6. Be2 0-0 7. 0-0 c6 8. Re1 a6 9. a3 b5 10. Qc2 Bb7 11. h3 Re8 12. b4 exd4 13. Nxd4 Ne5 14. cxb5 axb5 15. Nf5 Bf8 16. Bg5 h6 17. Bh4 g6 18. Ne3 Bg7 19. Qb3 Qb6 20. Rad1 Re6 21. Bf1 Nh5 22. f3 Nc4 23. Bf2 Rxa3 24. Nxc4 Rxb3 25. Nxb6 Rxc3 26. Ra1 Rc2 27. Ra7 Re7 28. Be3 Ng3 29. Nc8 Rd7 30. Nb6 Rc7 31. Bd3 Rc3 32. Rd1 Rb3 33. Kf2 Nh5 34. g4 Nf6 35. Na8 Re7 36. Nb6 Ne8 37. Rc1 Rxb4 38. Rxc6 Rb2+ 39. Rc2 Rxc2+ 40. Bxc2 Rc7 41. Bd3 Bc6 42. Rxc7 Nxc7 43. Ke2 Ne6 44. Nd5 Nd4+ 45. Bxd4 Bxd5 46. Bxg7 Bc4 47. Bxh6 Be6 48. Bd2 Bd7 49. Bb4 d5 50. Ke3 dxe4 51. Bxe4 f5 52. Bd3 fxg4 53. hxg4 Kf7 54. Kf4 Kf6 55. Be4 g5+ 56. Ke3 Ke5 57. Bc3+ Ke6 58. Kd4 Kd6 59. Bd2 Be6 60. Bxg5 1-0

[Event "Sant Boi de Llobregat op 4th"]
[Site "Sant Boi de Llobregat"]
[Date "2023.12.07"]
[Round "8"]
[White "Escobar Forero, Alder"]
[Black "Pichot, Alan"]
[Result "0-1"]
[WhiteElo "2434"]
[BlackElo "2651"]
[PlyCount "178"]
[EventDate "2023.11.30"]
[EventType "swiss"]
[EventRounds "9"]
[EventCountry "ESP"]
[SourceTitle "CBM 217 Extra"]
[Source "ChessBase"]
[SourceDate "2024.01.31"]
[SourceVersion "1"]
[SourceVersionDate "2024.01.31"]
[SourceQuality "1"]

1. e4 c5 2. Nc3 a6 3. d4 cxd4 4. Qxd4 Nc6 5. Qe3 Nf6 6. Nf3 d6 7. Be2 e6 8. h3 Qc7 9. 0-0 b5 10. b3 Be7 11. Bb2 Bb7 12. Rac1 0-0 13. a4 b4 14. Nb1 d5 15. e5 Ne4 16. Nbd2 Bc5 17. Qf4 f5 18. h4 Qb6 19. Ne1 Nxf2 20. Rxf2 Be3 21. Nd3 Bxf4 22. Nxf4 Rfe8 23. Nf3 Rac8 24. Re1 Nd8 25. Bd4 Qc7 26. Bd3 Nf7 27. Ref1 Qe7 28. g3 Rc6 29. Rg2 Nh6 30. Ng5 g6 31. Nf3 Rec8 32. Rff2 Ng4 33. Re2 a5 34. Bb5 Ba6 35. Rd2 Bxb5 36. axb5 Rc3 37. Bxc3 bxc3 38. Rd4 Qa7 39. Re2 Qb6 40. Kf1 Re8 41. Rd3 Qc5 42. Kg2 Re7 43. Kf1 Re8 44. Kg2 Qxb5 45. Rxc3 h6 46. Rc7 Qb6 47. Rd7 Rc8 48. Rd6 Rc6 49. Rxc6 Qxc6 50. Nd4 Qc3 51. Nfxe6 Ne3+ 52. Kf2 f4 53. gxf4 Nf5 54. Nxf5 gxf5 55. Nd8 Qc7 56. e6 Qxf4+ 57. Kg2 Kf8 58. Nf7 Qg4+ 59. Kf1 Ke7 60. Ne5 Qh3+ 61. Kg1 Qg3+ 62. Kf1 Kxe6 63. Nf3+ Kf6 64. Re3 Qc7 65. Re2 d4 66. Rd2 Qc3 67. Kf2 d3 68. Rxd3 Qxc2+ 69. Ke3 f4+ 70. Kd4 Kf5 71. Nd2 a4 72. bxa4 Qxa4+ 73. Kd5 Qd7+ 74. Kc4 Qc6+ 75. Kd4 Qf6+ 76. Kd5 Qxh4 77. Nc4 Qh1+ 78. Kd4 Qg1+ 79. Kd5 h5 80. Nd6+ Kg4 81. Ne4 h4 82. Ke5 Qa1+ 83. Kd5 f3 84. Nf2+ Kg3 85. Ne4+ Kf4 86. Nd2 Qe5+ 87. Kc4 Qe2 88. Kc3 f2 89. Rd4+ Kg3 0-1

[Event "Sant Boi de Llobregat op 4th"]
[Site "Sant Boi de Llobregat"]
[Date "2023.12.03"]
[Round "4"]
[White "Escobar Forero, Alder"]
[Black "Sherman, Reem"]
[Result "0-1"]
[WhiteElo "2434"]
[BlackElo "2278"]
[PlyCount "78"]
[EventDate "2023.11.30"]
[EventType "swiss"]
[EventRounds "9"]
[EventCountry "ESP"]
[SourceTitle "CBM 217 Extra"]
[Source "ChessBase"]
[SourceDate "2024.01.31"]
[SourceVersion "1"]
[SourceVersionDate "2024.01.31"]
[SourceQuality "1"]

1. e4 e6 2. d3 d5 3. Qe2 Nc6 4. Nf3 Nf6 5. e5 Nd7 6. g3 f6 7. d4 fxe5 8. dxe5 Be7 9. Bf4 0-0 10. h4 b5 11. Nc3 a6 12. 0-0-0 Nc5 13. Qe3 Qe8 14. Bg2 Na5 15. Nd4 Kh8 16. b3 Ncb7 17. Qe1 Ba3+ 18. Kb1 c5 19. Nf3 Bd7 20. Ne2 Nc6 21. Bd2 a5 22. Nf4 a4 23. h5 Ra7 24. Ng6+ Kg8 25. Nxf8 Qxf8 26. g4 Qa8 27. Qe2 Nb4 28. Bxb4 Bxb4 29. Rh3 Na5 30. c3 axb3 31. Nd2 bxa2+ 32. Ka1 Ba3 33. c4 Nxc4 34. Nxc4 bxc4 35. Rc3 Rb7 36. Rc2 Ba4 37. Rxd5 Bxc2 38. Qxc2 Rb1+ 39. Kxa2 Bb2+ 0-1

[Event "Sant Boi de Llobregat op 4th"]
[Site "Sant Boi de Llobregat"]
[Date "2023.12.02"]
[Round "3"]
[White "Van der Hagen, Loek"]
[Black "Escobar Forero, Alder"]
[Result "1/2-1/2"]
[WhiteElo "2200"]
[BlackElo "2434"]
[PlyCount "192"]
[EventDate "2023.11.30"]
[EventType "swiss"]
[EventRounds "9"]
[EventCountry "ESP"]
[SourceTitle "CBM 217 Extra"]
[Source "ChessBase"]
[SourceDate "2024.01.31"]
[SourceVersion "1"]
[SourceVersionDate "2024.01.31"]
[SourceQuality "1"]

1. e4 c5 2. Nf3 a6 3. c4 Nc6 4. d4 cxd4 5. Nxd4 e5 6. Nf5 d5 7. Qxd5 Bxf5 8. exf5 Qxd5 9. cxd5 Nb4 10. Na3 Ne7 11. g4 h5 12. Bd2 Nexd5 13. g5 Bc5 14. 0-0-0 Nxa2+ 15. Kb1 Nab4 16. Nc4 f6 17. Bxb4 Nxb4 18. gxf6 gxf6 19. Nd6+ Ke7 20. Nxb7 Bd4 21. Rg1 Rac8 22. Rg7+ Kf8 23. Rg3 Rb8 24. Na5 Rg8 25. Rxg8+ Kxg8 26. Bc4+ Kh7 27. f4 Bb6 28. Rd7+ Kh6 29. Nb7 exf4 30. h4 Nc6 31. Rd6 Rxb7 32. Rxf6+ Kh7 33. Rxc6 Bd4 34. b3 f3 35. Rxa6 f2 36. Ka2 Rc7 37. Bd3 Rc3 38. Bb5 Rc1 39. b4 f1Q 40. Bxf1 Rxf1 41. Rd6 Bf2 42. Rd7+ Kh6 43. Rd6+ Kg7 44. Rg6+ Kf7 45. Rg5 Bxh4 46. Rxh5 Be7 47. Rh7+ Kf6 48. Rh6+ Kxf5 49. b5 Rf4 50. Rh7 Ke6 51. Rh3 Kd5 52. b6 Kc6 53. b7 Kxb7 54. Rh7 Re4 55. Kb3 Kc6 56. Kc3 Bd6 57. Rh5 Be5+ 58. Kd3 Kd5 59. Rh7 Rg4 60. Rh3 Ra4 61. Kd2 Ra2+ 62. Kd1 Ke4 63. Ke1 Bf4 64. Kf1 Be3 65. Rh7 Rb2 66. Rh8 Kd3 67. Rd8+ Bd4 68. Rf8 Rb1+ 69. Kg2 Rg1+ 70. Kh3 Ke4 71. Ra8 Be5 72. Ra4+ Kf5 73. Ra3 Rg6 74. Rb3 Bf4 75. Rf3 Ke4 76. Rf2 Rg3+ 77. Kh2 Ke3 78. Rg2 Rg5+ 79. Kg1 Rh5 80. Ra2 Kf3 81. Rf2+ Ke4 82. Kg2 Rg5+ 83. Kh3 Kf5 84. Rf3 Rg6 85. Rf2 Rg1 86. Rf3 Rh1+ 87. Kg2 Rh6 88. Ra3 Rh2+ 89. Kf1 Rc2 90. Rb3 Ke4 91. Rh3 Be3 92. Rh4+ Kd3 93. Rh3 Rf2+ 94. Kg1 Ke4 95. Rg3 Rf5+ 96. Kg2 Rg5 1/2-1/2

[Event "COL-chT"]
[Site "Risaralda"]
[Date "2023.11.22"]
[Round "6.1"]
[White "Escobar Forero, Alder"]
[Black "Sanchez, Sebastian Felipe"]
[Result "1/2-1/2"]
[WhiteElo "2450"]
[BlackElo "2405"]
[PlyCount "54"]
[EventDate "2023.11.19"]
[EventType "team-swiss"]
[EventRounds "7"]
[EventCountry "COL"]
[SourceTitle "CBM 217 Extra"]
[Source "ChessBase"]
[SourceDate "2024.01.31"]
[SourceVersion "1"]
[SourceVersionDate "2024.01.31"]
[SourceQuality "1"]
[WhiteTeam "Risaralda"]
[BlackTeam "Bolivar"]
[WhiteTeamCountry "COL"]
[BlackTeamCountry "COL"]

1. e4 c6 2. d4 d5 3. e5 Bf5 4. Nf3 e6 5. Be2 Ne7 6. 0-0 Nd7 7. Nbd2 h6 8. a4 a5 9. Nb3 g5 10. Ne1 Bg7 11. f4 gxf4 12. Nd3 Ng6 13. Nxf4 Nxf4 14. Rxf4 0-0 15. Ra3 Qe7 16. Bg4 f6 17. exf6 Rxf6 18. Bxf5 Rxf5 19. Rxf5 exf5 20. Bf4 Qe4 21. Bc7 b6 22. Qd2 Re8 23. Ra1 Qe2 24. Rd1 Bf6 25. Bf4 Qxd2 26. Bxd2 Kh7 27. Kf1 Kg6 1/2-1/2

[Event "COL-chT"]
[Site "Risaralda"]
[Date "2023.11.21"]
[Round "4.1"]
[White "Escobar Forero, Alder"]
[Black "Avila Pavas, Santiago"]
[Result "1/2-1/2"]
[WhiteElo "2450"]
[BlackElo "2514"]
[PlyCount "80"]
[EventDate "2023.11.19"]
[EventType "team-swiss"]
[EventRounds "7"]
[EventCountry "COL"]
[SourceTitle "CBM 217 Extra"]
[Source "ChessBase"]
[SourceDate "2024.01.31"]
[SourceVersion "1"]
[SourceVersionDate "2024.01.31"]
[SourceQuality "1"]
[WhiteTeam "Risaralda"]
[BlackTeam "Valle"]
[WhiteTeamCountry "COL"]
[BlackTeamCountry "COL"]

1. e4 c5 2. Nc3 g6 3. d4 cxd4 4. Qxd4 Nf6 5. Be3 Nc6 6. Qd2 d6 7. f3 Bg7 8. 0-0-0 h5 9. Nge2 Bd7 10. Kb1 a6 11. Nd5 Nxd5 12. exd5 Ne5 13. Bd4 0-0 14. h3 Rc8 15. b3 Bb5 16. f4 Bxe2 17. Bxe2 Nd7 18. g4 h4 19. g5 Bxd4 20. Qxd4 Qb6 21. Bg4 Qxd4 22. Rxd4 Rc7 23. Re1 f5 24. gxf6 Nxf6 25. Be6+ Kg7 26. Kb2 Nh5 27. Ree4 Ng3 28. Re3 Nh5 29. Ree4 b5 30. a4 g5 31. axb5 Nxf4 32. bxa6 Ra8 33. Rxf4 gxf4 34. Rxf4 Rxa6 35. Rxh4 Kf6 36. Re4 Rca7 37. Bg4 Ra2+ 38. Kb1 Ra1+ 39. Kb2 R1a2+ 40. Kb1 Ra1+ 1/2-1/2